Catálogo
 En Linea

Speech delivered by Generalissimo Doctor Rafael Leonidas Trujillo Molina, benefactor of the nation and father of the new nation : at San Juan de la Maguana, on the 22nd December 1959, on ocassion of the 104th anniversary of the Battle of Santomé. / (Registro nro. 43587)

Detalles MARC
000 -CABECERA
campo de control de longitud fija 00739nam a2200169 a 4500
001 - NÚMERO DE CONTROL
campo de control 000044098
003 - IDENTIFICADOR DEL NÚMERO DE CONTROL
campo de control OSt
005 - FECHA Y HORA DE LA ÚLTIMA TRANSACCIÓN
campo de control 20240229073938.0
008 - DATOS DE LONGITUD FIJA--INFORMACIÓN GENERAL
campo de control de longitud fija 140515s1960 dr 000 0 spa d
040 ## - FUENTE DE LA CATALOGACIÓN
Centro catalogador/agencia de origen DO-SdBNP
Lengua de catalogación spa
Centro/agencia transcriptor BNPHU
082 ## - NÚMERO DE LA CLASIFICACIÓN DECIMAL DEWEY
Número de clasificación xxxx
Número de documento/Ítem xxxx
100 1# - ENTRADA PRINCIPAL--NOMBRE DE PERSONA
Nombre de persona Trujillo Molina, Rafael Leónidas,
Fechas asociadas al nombre 1891-1961
9 (RLIN) 76764
245 10 - MENCIÓN DE TÍTULO
Título Speech delivered by Generalissimo Doctor Rafael Leonidas Trujillo Molina, benefactor of the nation and father of the new nation : at San Juan de la Maguana, on the 22nd December 1959, on ocassion of the 104th anniversary of the Battle of Santomé. /
Mención de responsabilidad, etc. Rafael Leónidas Trujillo Molina.
260 ## - PUBLICACIÓN, DISTRIBUCIÓN, ETC.
Lugar de publicación, distribución, etc. Ciudad Trujillo, Dominican Republic :
Nombre del editor, distribuidor, etc. [s. n.],
Fecha de publicación, distribución, etc. 1960.
300 ## - DESCRIPCIÓN FÍSICA
Extensión 15 p. ;
Dimensiones 23 cm.
942 ## - ELEMENTOS DE PUNTO DE ACCESO ADICIONAL (KOHA)
Fuente del sistema de clasificación o colocación Dewey Decimal Classification
Tipo de ítem Koha Libro
Existencias
Estado de retiro Estado de pérdida Restricciones de uso No para préstamo Código de colección Localización permanente Ubicación/localización actual Ubicación en estantería Fecha de adquisición Número de inventario Total de préstamos Signatura topográfica completa Código de barras Fecha visto por última vez Precio válido a partir de Tipo de ítem Koha
      Excluido de préstamo Raros y valiosos Patrimonio Dominicano Patrimonio Dominicano Depósito 15.05.2014 LF1   xxxx xxxx 44098-10 25.06.2020 25.06.2020 No se presta

Con tecnología Koha